Verejná správa a správne právo

Bibliographic Details
Main Author: Škultéty, Peter, 1948-2020 (Author)
Format: Book
Language:Slovak
PhysicalDescription:201 s. 21 cm
Published: Bratislava Veda 2008
ISBN:9788022410236
Edition:1. vyd.
Subjects:

MARC

LEADER 00000cam a2200000 a 4500
001 vtls009451334
003 SK-MaSNL
005 20260302005936.0
008 240315s2008 xo d p 000 0 slo
015 |a SNBA2009/04-01520 
020 |a 9788022410236  |q (viaz.) 
035 |a 9558F0D6-1C3D-4083-8D5A-34E8588CEDD3 
035 |a urn:nbn:sk:snk-aml4z4 
035 |a urn:nbn:sk:snk-am008w6e 
040 |a SNK  |b slo  |c SNK  |e AACR2 
041 0 |a slo 
044 |a xo  |c SK 
072 7 |a 342  |x Ústavné právo. Správne právo  |2 konspekt 
072 7 |a 37.016  |x Učebné osnovy. Vyučovacie predmety. Učebnice  |2 konspekt 
080 |a 35  |2 2001 
080 |a (075.8)  |2 2001 
080 |a 342.9  |2 2001 
100 1 |a Škultéty, Peter,  |d 1948-2020  |4 aut  |9 206193 
245 1 0 |a Verejná správa a správne právo  |c Peter Škultéty 
250 |a 1. vyd. 
260 |a Bratislava  |b Veda  |c 2008 
300 |a 201 s.  |c 21 cm 
504 |a Pozn. 
650 0 7 |a verejná správa  |2 SNKPH  |9 1538 
650 0 7 |a správne právo  |2 SNKPH  |9 2266 
650 0 7 |a verejná správa  |x kontrola  |2 SNKPH  |9 648067 
650 0 7 |a verejné zdravotníctvo  |2 SNKPH  |9 1270 
650 0 7 |a verejné školstvo  |2 SNKPH  |9 71715 
650 0 7 |a polícia  |2 SNKPH  |9 1673 
655 7 |a učebnice vysokých škôl  |2 SNKPH  |9 70191 
919 |a 978-80-224-1023-6 
999 |c 1001339  |d 1003269 
952 |a SNK  |b SNK  |y PREZ  |7 0  |p 17A0607135  |o snkSC 133884  |i snk2008/23287  |8 0  |0 0  |1 0  |4 0  |d 2008-12-10  |f 1  |l 0  |r 2025-06-30 00:00:00  |w 2026-02-24 
952 |a SNK  |b SNK  |y VYP  |7 0  |p 17A0952587  |o snkSC 133884 D1  |i snk2008/23288  |8 0  |0 0  |1 0  |4 0  |d 2008-12-10  |l 0  |r 2026-02-24 12:19:50  |w 2026-02-24 
952 |t snkSKU 342.9:35  |a SNKUST  |b SNKUST  |y PREZ  |7 0  |p 17A0570537  |o snkSC 133884 D2  |i snk2009/8557  |8 3  |g 13.94  |0 0  |1 0  |4 0  |d 2009-05-12  |l 0  |r 2025-05-28 00:00:00  |w 2026-02-24